Định chủ đề tài liệu

Tallennettuna:
Bibliografiset tiedot
Päätekijä: Vũ, Dương Thúy Ngà
Aineistotyyppi: Kirja
Kieli:Undetermined
Julkaistu: Hà Nội Văn hóa Thông tin 1995
Aiheet:
Tagit: Lisää tagi
Ei tageja, Lisää ensimmäinen tagi!
Thư viện lưu trữ: Trung tâm Học liệu Trường Đại học Cần Thơ
LEADER 00537nam a2200193Ia 4500
001 CTU_59148
008 210402s9999 xx 000 0 und d
020 |b 12000 
082 |a 025.49 
082 |b Ng100 
100 |a Vũ, Dương Thúy Ngà 
245 0 |a Định chủ đề tài liệu 
245 0 |c Vũ Dương Thúy Ngà 
260 |a Hà Nội 
260 |b Văn hóa Thông tin 
260 |c 1995 
650 |a Subject headings 
904 |i Minh 
980 |a Trung tâm Học liệu Trường Đại học Cần Thơ